Kesako ?! - Les phobies #2 - Statistiques

Statistiques générales
  • Ce quiz a été pris 25 fois
    24 depuis la dernière actualisation
  • Le résultat moyen est 7 sur 20
Statistiques - réponses
Hint Réponse % Correct
Peur du dentiste Dentophobie
94%
Peur du noir Nyctophobie
88%
Peur de montrer ses émotions Affectophobie
76%
Peur des clowns Coulrophobie
71%
Peur des lapins Cuniculophobie
71%
Peur du vendredi 13 Paraskevidékatriaphobie
71%
Peur d'avoir du beurre de cacahuètes collé au palais Arachibutyrophobie
53%
Peur des oies Ocaphobie
53%
Peur des nains de jardins à brouettes Nanopabulophobie
47%
Peur des saignements de nez Epistaxiophobie
24%
Peur d'être constipé Apopathodiaphulatophobie
18%
Peur des ballons de baudruches et de leur bruit lorsqu'ils explosent Globophobie
18%
Peur des fourmis Myrmécophobie
18%
Peur du jaune Xanthophobie
18%
Peur des poulets Alektorophobie
12%
Peur de la maladie Nosophobie
12%
Peur du regard des autres Blemmophobie
6%
Peur d'avoir des gaz Carminophobie
0%
Peur des boutons de vêtements Fibulanophobie
0%
Peur des voyages Hodophobie
0%
Aucun quiz correspondant
Distribution des résultats
% des personnes avec chaque résultat
Percentile par nombre de réponses
Votre historique - résultats
Vous n’avez pas pris ce quiz depuis la dernière actualisation